Národní opruzení. 2, Tajemství trnové koruny /
Román, který navazuje na knihu Národní opruzení: Konec dobrý, všechno dobré. I zde se autorka odvažuje zajít za hranice faktů ze školních učebnic.
Uloženo v:
| Série: | Národní opruzení,
část 2 |
|---|---|
| Hlavní autor: | |
| Médium: | E-kniha |
| Jazyk: | Czech |
| Vydáno: |
V Praze :
CooBoo,
2024
|
| Vydání: | 1. vydání |
| Témata: | |
| Příbuzné jednotky: | Z cyklu::
Národní opruzení |
| Tagy: |
Žádné tagy |
| LEADER | 02396nam a2200397 i 4500 | ||
|---|---|---|---|
| 001 | 312369 | ||
| 003 | CZ PrSKC | ||
| 005 | 20260601215721.0 | ||
| 007 | ta | ||
| 008 | 240503s2024 xr a g 000 f cze | ||
| 015 | |a cnb003603766 | ||
| 020 | |a 9788076619593 |q (brožováno) : |c Kč 329,00 | ||
| 035 | |a (OCoLC)1445418862 | ||
| 040 | |a ABG001 |b cze |d ABA001 |e rda | ||
| 072 | 7 | |a 821.162.3-3 |x Česká próza |2 Konspekt | |
| 080 | |a 821.162.3-31 |2 MRF | ||
| 080 | |a (0:82-31) |2 MRF | ||
| 100 | 1 | |a Meixnerová, Karolína, |d 1993- |7 jo20221140638 |4 aut | |
| 245 | 1 | 0 | |a Národní opruzení. |n 2, |p Tajemství trnové koruny / |c Karolína Zoe Meixnerová |
| 246 | 3 | 0 | |a Tajemství trnové koruny |
| 250 | |a 1. vydání | ||
| 264 | 1 | |a V Praze : |b CooBoo, |c 2024 | |
| 300 | |a 189 stran : |b ilustrace ; |c 21 cm | ||
| 336 | |a text |b txt |2 rdacontent | ||
| 337 | |a bez média |b n |2 rdamedia | ||
| 338 | |a svazek |b nc |2 rdacarrier | ||
| 520 | 2 | |a Román, který navazuje na knihu Národní opruzení: Konec dobrý, všechno dobré. I zde se autorka odvažuje zajít za hranice faktů ze školních učebnic. |b Historii přepsat nelze, ale naše fantazie umí zázraky. Pokračování hitu Národní opruzení. Konec dobrý, všechno dobré. Ale osud hrdinů Národního opruzení prvním dílem zdaleka neskončil. Tentokrát se musí popasovat s mocnostmi, které požírají lidskou mysl i duši. Je třeba se opět setkat ve stejný čas na jednom místě a bok po boku se postavit zlu. Ale jak, když Havlíček trčí v Brixenu, Johanka přišla o rozum, Božena se vzdala práva na štěstí a Tyl má co dělat, aby uživil své dvě ženy? Podaří se Nerudovi zlomit prokletí a udržet všechny naživu? Nakladatelská anotace. | |
| 655 | 7 | |a české romány |7 fd133974 |2 czenas | |
| 655 | 9 | |a Czech fiction |2 eczenas | |
| 787 | 0 | 8 | |i Z cyklu: |t Národní opruzení |g 2 |
| 900 | |a ABA001 |b 21 | ||
| 928 | 9 | |a Albatros Media - CooBoo | |
| 044 | |a xr | ||
| 910 | |a RBIT002 | ||
| 998 | |d 403933 |a https://core.palmknihy.cz/api/books/403933/cover?scku8h |b https://core.palmknihy.cz/api/books/403933/cover/400?scku8h |c https://core.palmknihy.cz/api/books/403933/cover/50?scku8h |e 2034-12-31 |g 192 |i 9788076619593 |j https://core.palmknihy.cz/api/books/403933/preview.epub |k https://core.palmknihy.cz/api/books/403933/preview.pdf |l |q 49 |r 1 |s https://www.palmknihy.cz/kniha/403933 |t ebook |y 2024 |z 0 |v Národní opruzení |w 2 | ||
| 999 | |d 312367 | ||